[Event "Ljubljana-chT 75th"]
[Site "Ljubljana"]
[Date "2023.03.02"]
[Round "6.3"]
[White "Magerl, Zan"]
[Black "Komelj, Erazem"]
[Result "0-1"]
[WhiteElo "1347"]
[BlackElo "1589"]
[PlyCount "126"]
[EventDate "2023.01.12"]
[EventType "team-swiss"]
[EventRounds "9"]
[EventCountry "SLO"]
[SourceTitle "EXT 2024"]
[Source "ChessBase"]
[SourceDate "2023.10.10"]
[SourceVersion "1"]
[SourceVersionDate "2023.10.10"]
[SourceQuality "1"]
[WhiteTeam "Dol"]
[BlackTeam "Ljubljana SK"]
[WhiteTeamCountry "SLO"]
[BlackTeamCountry "SLO"]

1. e4 c6 2. d4 d5 3. exd5 cxd5 4. c4 Nf6 5. Nf3 e6 6. Be2 Nc6 7. 0-0 Be7 8. Bf4 dxc4 9. Bxc4 0-0 10. Nc3 Nb4 11. h3 a6 12. a3 Nbd5 13. Bh2 b5 14. Ba2 Nxc3 15. bxc3 Bxa3 16. Qc2 Bd6 17. Bxd6 Qxd6 18. c4 bxc4 19. Bxc4 Bb7 20. Qb3 Bd5 21. Ra5 Rfc8 22. Bxd5 Nxd5 23. Rfa1 h6 24. Ne5 Rcb8 25. Qf3 Rb7 26. Nd3 Rab8 27. g3 Rb1+ 28. Rxb1 Rxb1+ 29. Kh2 Rb5 30. Ne5 f6 31. Nc4 Qc6 32. Qe2 Rxa5 33. Nxa5 Qb6 34. Nc4 Qc6 35. Na5 Nc3 36. Qe3 Qc8 37. Nb3 Nd5 38. Qe2 Kf7 39. Qe1 Qc3 40. Qb1 a5 41. Qa2 Nb4 42. Qa4 Qc2 43. Qd7+ Kg6 44. Qxe6 Qxf2+ 45. Kh1 Qf1+ 46. Kh2 Qf2+ 47. Kh1 Qxg3 48. Qe4+ f5 49. Qe6+ Kg5 50. Qe7+ Kh5 51. Nxa5 Nd3 52. Qe2+ Kh4 53. Qg2 Nf2+ 54. Kg1 Nxh3+ 55. Kh1 Qe1+ 56. Kh2 Qf2 57. Qxf2+ Nxf2 58. d5 Ne4 59. Nc4 Kg5 60. Kg2 Kf6 61. Kf3 g5 62. d6 Ke6 63. Ne5 Nxd6 0-1

[Event "Ljubljana-chT 74th"]
[Site "Ljubljana"]
[Date "2022.01.27"]
[Round "3.3"]
[White "Komelj, Erazem"]
[Black "Borisek, Anze"]
[Result "0-1"]
[WhiteElo "1902"]
[BlackElo "1895"]
[PlyCount "90"]
[EventDate "2022.01.13"]
[EventType "team-swiss"]
[EventRounds "9"]
[EventCountry "SLO"]
[SourceTitle "EXT 2024"]
[Source "ChessBase"]
[SourceDate "2023.10.10"]
[SourceVersion "1"]
[SourceVersionDate "2023.10.10"]
[SourceQuality "1"]
[WhiteTeam "Ljubljana SK"]
[BlackTeam "Trzin Buscotrade"]
[WhiteTeamCountry "SLO"]
[BlackTeamCountry "SLO"]

1. d4 d5 2. Bf4 e6 3. Nf3 c6 4. c4 f5 5. e3 Nf6 6. Nc3 Bd6 7. Bxd6 Qxd6 8. Ne5 Nbd7 9. f4 0-0 10. c5 Qe7 11. Bd3 Nxe5 12. fxe5 Ng4 13. Qf3 b6 14. Na4 bxc5 15. h3 Nxe5 16. dxe5 Qh4+ 17. g3 Qxa4 18. 0-0 c4 19. Be2 Qc2 20. b3 cxb3 21. axb3 Qe4 22. Qf4 Qxf4 23. gxf4 Bd7 24. Rfc1 Rfb8 25. Ra3 Kf8 26. Rc5 Ke7 27. Ba6 h6 28. h4 g5 29. Kg2 gxf4 30. exf4 Rb4 31. Kf3 Rab8 32. Rc3 d4 33. Rd3 c5 34. Bc4 R8b7 35. Ke2 Bb5 36. Rg3 Bxc4+ 37. bxc4 Kf7 38. h5 Rb2+ 39. Kd1 Rb1+ 40. Kd2 R7b2+ 41. Kd3 Rb3+ 42. Kd2 R1b2+ 43. Kc1 Rb1+ 44. Kc2 R3b2+ 45. Kd3 Rd1# 0-1

[Event "SLO-chT Central 22nd"]
[Site "Slovenia"]
[Date "2021.10.22"]
[Round "6.4"]
[White "Grasic, Marjan"]
[Black "Komelj, Erazem"]
[Result "0-1"]
[WhiteElo "1700"]
[BlackElo "1902"]
[PlyCount "76"]
[EventDate "2021.09.16"]
[EventType "team-tourn"]
[EventRounds "7"]
[EventCountry "SLO"]
[SourceTitle "EXT 2024"]
[Source "ChessBase"]
[SourceDate "2023.10.10"]
[SourceVersion "1"]
[SourceVersionDate "2023.10.10"]
[SourceQuality "1"]
[WhiteTeam "Menges Trzin"]
[BlackTeam "Ljubljana SK"]
[WhiteTeamCountry "SLO"]
[BlackTeamCountry "SLO"]

1. e4 c6 2. Nf3 d5 3. exd5 cxd5 4. d4 Bg4 5. Be2 Nc6 6. 0-0 e6 7. Be3 Bd6 8. Nbd2 Nf6 9. c4 0-0 10. c5 Bc7 11. h3 Bf5 12. a3 Ne4 13. Bd3 Nxf2 14. Bxf2 Bxd3 15. Re1 a5 16. Qb3 Ba6 17. Qc3 a4 18. b4 axb3 19. Nxb3 h6 20. g4 Na5 21. Kg2 Nxb3 22. Qxb3 b6 23. Ne5 bxc5 24. dxc5 Rb8 25. Qa4 Bxe5 26. Rxe5 Bd3 27. Ree1 Be4+ 28. Kg1 Qf6 29. Qd1 e5 30. Qe2 Rb3 31. Be3 Qh4 32. Qh2 Rfb8 33. c6 Rb2 34. Bf2 Qf6 35. Qg3 Qxc6 36. Qxe5 Qc2 37. Qd4 R8b3 38. Rac1 Rxh3 0-1

[Event "SLO-chT Central 21st"]
[Site "Slovenia"]
[Date "2020.09.17"]
[Round "1.4"]
[White "Komelj, Erazem"]
[Black "Erazem, Franc"]
[Result "1/2-1/2"]
[WhiteElo "1902"]
[BlackElo "1509"]
[PlyCount "141"]
[EventDate "2020.09.17"]
[EventType "team-swiss"]
[EventRounds "5"]
[EventCountry "SLO"]
[SourceTitle "EXT 2024"]
[Source "ChessBase"]
[SourceDate "2023.10.10"]
[SourceVersion "1"]
[SourceVersionDate "2023.10.10"]
[SourceQuality "1"]
[WhiteTeam "Klinicni Center"]
[BlackTeam "Crni Graben"]
[WhiteTeamCountry "SLO"]
[BlackTeamCountry "SLO"]

1. d4 d6 2. e4 Nf6 3. Nc3 c6 4. Bd3 e5 5. d5 Nbd7 6. Bg5 Be7 7. Bxf6 Nxf6 8. Nf3 Qb6 9. 0-0 Qxb2 10. Qd2 h6 11. a4 Qb4 12. a5 cxd5 13. exd5 0-0 14. Ra4 Qc5 15. Rfa1 a6 16. Rc4 Qa7 17. Nh4 Bd7 18. Nf5 Bxf5 19. Bxf5 b5 20. axb6 Qxb6 21. Rc6 Qd4 22. Qe2 Nxd5 23. Nxd5 Qxa1+ 24. Qf1 Qxf1+ 25. Kxf1 Rfe8 26. Nc7 Rec8 27. Bxc8 Rxc8 28. Nd5 Re8 29. Nxe7+ Rxe7 30. Rxa6 Rd7 31. c4 f5 32. Ke2 Kf7 33. Ke3 g5 34. Rc6 Ke7 35. c5 Ke6 36. Ra6 Kd5 37. cxd6 Rxd6 38. Ra5+ Ke6 39. g3 Rb6 40. Kf3 g4+ 41. Kg2 Kf6 42. Ra8 Kg5 43. Rg8+ Rg6 44. Re8 e4 45. Ra8 Rd6 46. Rg8+ Kh5 47. Rf8 Rd5 48. Re8 Rc5 49. Rf8 Re5 50. Kg1 Kg6 51. Ra8 e3 52. fxe3 Rxe3 53. Kf2 Rb3 54. Ra6+ Kg5 55. Ra8 Rb2+ 56. Kg1 Rb3 57. Kg2 Rb2+ 58. Kg1 Rd2 59. Rb8 Rd6 60. Kg2 Rg6 61. Ra8 h5 62. Rh8 Rg7 63. Kg1 Rg6 64. Kg2 Rg7 65. Kg1 Kg6 66. Ra8 Kf6 67. Rh8 Rg6 68. Kg2 Kg7 69. Ra8 Rf6 70. Ra7+ Kh6 71. Ra8 1/2-1/2